Dinámica del cambio social / (Record no. 14204)
[ view plain ]
| 000 -CABECERA | |
|---|---|
| campo de control de longitud fija | 00711cam a2200217 a 4500 |
| 001 - NÚMERO DE CONTROL | |
| campo de control | 000014619 |
| 005 - FECHA Y HORA DE LA ÚLTIMA TRANSACCIÓN | |
| campo de control | 20240513203638.0 |
| 008 - DATOS DE LONGITUD FIJA--INFORMACIÓN GENERAL | |
| campo de control de longitud fija | 760818s1970 ck a b 000 0 spa |
| 040 ## - FUENTE DE LA CATALOGACIÓN | |
| Centro catalogador/agencia de origen | DO-SdBNP |
| Lengua de catalogación | spa |
| Centro/agencia transcriptor | BNPHU |
| 082 ## - NÚMERO DE LA CLASIFICACIÓN DECIMAL DEWEY | |
| Número de clasificación | 303.4 |
| Número de documento/Ítem | B517d |
| 100 1# - ENTRADA PRINCIPAL--NOMBRE DE PERSONA | |
| Nombre de persona | Bernal Jiménez, Rafael, |
| Fechas asociadas al nombre | 1898-1974. |
| 9 (RLIN) | 33116 |
| 245 10 - MENCIÓN DE TÍTULO | |
| Título | Dinámica del cambio social / |
| Mención de responsabilidad, etc. | Rafael Bernal Jiménez. |
| 260 ## - PUBLICACIÓN, DISTRIBUCIÓN, ETC. | |
| Lugar de publicación, distribución, etc. | Tunja : |
| Nombre del editor, distribuidor, etc. | Departamental de Boyaca, |
| Fecha de publicación, distribución, etc. | [1970]. |
| 300 ## - DESCRIPCIÓN FÍSICA | |
| Extensión | v. : |
| Otras características físicas | il. ; |
| Dimensiones | 24 cm. |
| 500 ## - NOTA GENERAL | |
| Nota general | Incluye notas bibliográficas |
| 590 ## - NOTA LOCAL (RLIN) | |
| Nota local | La biblioteca posee el volumen uno. |
| 650 #0 - PUNTO DE ACCESO ADICIONAL DE MATERIA--TÉRMINO DE MATERIA | |
| Término de materia o nombre geográfico como elemento de entrada | Cambio social |
| 9 (RLIN) | 1661 |
| 650 #0 - PUNTO DE ACCESO ADICIONAL DE MATERIA--TÉRMINO DE MATERIA | |
| Término de materia o nombre geográfico como elemento de entrada | Historia social |
| 9 (RLIN) | 78961 |
| 651 #4 - PUNTO DE ACCESO ADICIONAL DE MATERIA--NOMBRE GEOGRÁFICO | |
| Nombre geográfico | América Latina |
| Subdivisión general | Condiciones Sociales |
| 9 (RLIN) | 5034 |
| 910 ## - DATOS DE OPCIÓN DEL USUARIO (OCLC) | |
| Datos de opción del usuario | En proceso |
| Estado de retiro | Estado de pérdida | Restricciones de uso | No para préstamo | Código de colección | Localización permanente | Ubicación/localización actual | Ubicación en estantería | Fecha de adquisición | Número de inventario | Total de préstamos | Signatura topográfica completa | Código de barras | Fecha visto por última vez | Precio válido a partir de | Tipo de ítem Koha |
|---|---|---|---|---|---|---|---|---|---|---|---|---|---|---|---|
| Préstamo interno | Monografías: Libros y Folletos | General | General | En catalogación | 15.01.2010 | LF1 | t. 1 | 14619-10 | 25.06.2020 | 25.06.2020 | Préstamo interno |
